000 00322nam a2200133Ia 4500
008 191201s2002 xx 000 0 und d
100 _aJAIN, Manish
245 0 _aMicrosoft Office 2000 Complete
250 _a1st
260 _aN.Delhi
_bBPB Publication
_c2002
300 _a1017
650 _aB.Tech(CSE)
942 _2ddc
_cBK
999 _c1944
_d1944